Quizzes
Events
Quiz Creation
Community
Videos
Private Events
Remove Ads
Sign In
Join for FREE
Feedback
Dark Mode
Quiz Categories
Sports
Geography
Music
Movies
Television
Just For Fun
Miscellaneous
History
Literature
Language
Science
Gaming
Entertainment
Religion
Holiday
For Kids
Quiz Lab
Recent
Popular Today
Quiz Kudos Today
Editor Picks
Curator Picks
Quizzes by...
Day
Popularity
Type
Ratings
Length
Year
Community
Subscriptions
Recent Discussions
Orange Saloon
Badges
Playlists
Quests
Create
Leaderboards
Showdown
Live 5
Trivia Bingo
Activity
Puzzle Library
Sporcle Events
Private Events
Virtual Trivia
Globe League
Become a Host
Pub Owners
SporcleCon
Opinionation
Our Games
Videos
Blog
Mobile Apps
Partnerships
Remove Ads and Go Orange
Feedback
Sports
Athletes
MLB
NBA
NHL
NFL
Soccer
Sports Teams
WWE
NCAA
Football
Premier League
Basketball
Baseball
Hockey
Golf
Tennis
Cricket
Rugby
Auto Racing
Olympics
World Cup
Sports
Athletes
MLB
NBA
NHL
NFL
Soccer
Sports Teams
WWE
NCAA
Football
Premier League
Basketball
Baseball
Hockey
Golf
Tennis
Cricket
Rugby
Auto Racing
Olympics
World Cup
Random Quiz
Search Sporcle
×
Quiz Lab
Quiz Lab
Sports
NBA
Type in answers that appear in a list
Type in answers that appear in a list
Classic
Best Score? Go Orange.
Every NBA Teams Best Current Duo Stats
Can you name Every NBA Teams Best Current Duo?
By
bengreenberg24
15m
60 Questions
186 Plays
186 Plays
186 Plays
Comments
Comments
Give Quiz Kudos
Give Quiz Kudos
-
- Ratings
hide this ad
Replay
Link that replays current quiz
Next Quiz
Link to next quiz in quiz playlist
You Got
0%
They Got
Avg Score
74%
Avg Friend Score
Upgrade to see
Score Distribution
Jump to the score distribution portion of the page
Score
0/60
Timer
15:00
0
Plays Today
Team
Players
% Correct
76ers
Joel Embiid
96.8%
76ers
Ben Simmons
95.7%
Cavaliers
Kevin Love
93%
Celtics
Kyrie Irving
91.9%
Bucks
Giannis Antetokounmpo
91.9%
Cavaliers
Lebron James
91.4%
Bucks
Khris Middleton
88.2%
Bulls
Zach Lavine
87.6%
Warriors
Kevin Durant
84.9%
Warriors
Stephen Curry
83.9%
Rockets
Chris Paul
83.9%
Thunder
Paul George
83.3%
Thunder
Russell Westbrook
83.3%
Rockets
James Harden
83.3%
Pistons
Blake Griffin
82.8%
Pelicans
Anthony Davis
82.8%
Hornets
Kemba Walker
82.8%
Wizards
Bradley Beal
82.3%
Wizards
John Wall
82.3%
Trail Blazers
Damian Lillard
82.3%
Spurs
Kawhi Leonard
81.7%
Grizzlies
Marc Gasol
81.7%
Raptors
Kyle Lowry
81.2%
Suns
Devin Booker
81.2%
Pistons
Andre Drummond
80.6%
Celtics
Gordon Hayward
80.1%
Timberwolves
Jimmy Butler
79.6%
Jazz
Rudy Gobert
79.6%
Raptors
Demar Derozan
79%
Pacers
Victor Oladipo
79%
Team
Players
% Correct
Nuggets
Nikola Jokic
78.5%
Lakers
LAVAR Lonzo Ball
78%
Knicks
Kristaps Porzingis
77.4%
Pelicans
Demarcus Cousins
76.9%
Grizzlies
Mike Conley
76.9%
Nets
D'angelo Russell
76.3%
Clippers
Deandre Jordan
76.3%
Clippers
Lou Williams
76.3%
Heat
Hassan Whiteside
75.3%
Trail Blazers
C.J. McCollum
75.3%
Jazz
Donovan Mitchell
74.7%
Spurs
Lamarcus Aldridge
74.2%
Heat
Goran Dragic
72.6%
Kings
De'aaron Fox
71.5%
Magic
Aaron Gordon
71%
Lakers
Brandon Ingram
68.8%
Magic
Nikola Vucevic
67.7%
Timberwolves
Karl Anthony-Towns
67.2%
Nuggets
Jamaal Murray
64.5%
Bulls
Kris Dunn
63.4%
Mavericks
Harrison Barnes
62.4%
Hornets
Dwight Howard
61.8%
Hawks
Dennis Schroder
61.3%
Mavericks
Dennis Smith
56.5%
Hawks
John Collins
46.8%
Kings
Zach Randolph
43%
Pacers
Domantas Sabonis
41.4%
Knicks
Enes Kanter
40.9%
Suns
Josh Jackson
40.9%
Nets
Rondae Hollis-Jefferson
28%
Quiz Playlist
Details
Report
Send in Message
Add To Playlist
Classic:
Type in answers that appear in a list
Last Updated: Feb 14, 2018
Quiz Scoreboard
CHALLENGE
Sign Up to Join the Scoreboard
Show All
Scores
Hide
Comments
May contain spoilers
Recently Published
Presidents Visiting Landmarks
by Hejman
History
7m
An Introduction to Baseball
by treessimontrees
Sports
5m
Movies - When Are They Set?
by FPL_Elf
Movies
5m
More to Explore
Quiz From the Vault
Featured Blog Post
Where Did the Easter Bunny Come From?
hide this ad
You Might Also Like...
Tags
NBA Quiz
NBA Teams
Player
team
Today's Top Quizzes in Sports
Browse Sports
hide this ad
Today's Top Quizzes in NBA
Browse NBA
Top Contributed Quizzes in Sports
1
Les meilleurs buteurs des matchs entre le PSG et l’OM
2
2022 World Cup Stars
3
FIFA Club World Cup Champions
4
Les entraîneurs de l'OM et du PSG au 21e siècle
5
Name the Premier League winners with different clubs
6
La finale Lions - Afrique du Sud 2021
7
5-to-1: UK Sports Teams
8
England Test cricketers to play under Nasser Hussain
9
Players with Multiple 50 Home Run Seasons
10
AFC Teams Reveal (Wrong Answers Minefield)
Explore More
Trending Topics
Anime
Disney
Harry Potter
Marvel
Kpop
Crossword
NBA
WWE
Soccer
Puzzle
The Office
Country
Pokémon
NFL
Song
hide this ad
More By:
bengreenberg24
Quiz
Plays
Rating
Category
Featured
Created
MLB Records Quiz (very hard)
7,064
4.54
Sports
Nov 26, 2020
MLB All Time Stat Leaders
1,087
2.00
Sports
Feb 24, 2018
NFL Award Winners
612
4.00
Sports
Jan 12, 2022
NBA All Time Stat Leaders
611
3.00
Sports
Jun 8, 2018
MLB Teams All Time Stat Leaders
510
4.80
Sports
May 28, 2020
Go to Creator's Profile
Score Distribution
Quiz Creator Spotlight
bengreenberg24
Follow
Send a Message
Quizzes Created
-
Created Quiz Play Count
-
More By This Creator
Popular Quizzes Today
1
Find the US States - No Outlines Minefield
2
Find the Countries of Europe - No Outlines Minefield
3
The Countries of the World
4
Find the US States
5
Popular People in 1961
6
US States
7
Risky Map Clicking: Biggest States A-Z
8
1-10 Letter E Words III
More Sports Quizzes
Letter 'I' Hall of Famers
Quiz Lab
Trending Quizzes
Risky Map Clicking: Least Populous States A-Z
1-10 Letter G Words
1-10 Letter F Words
One Thing in Common: United Kingdom
Risky Map Clicking: Next State Alphabetically
Recently Updated
Leaping Animals
pecheneg
Reality TV Shows (A-Z)
bhenderson79
Rickey Henderson's Hall of Fame Teammates
pecheneg
Champions League XIs: Arsenal
pecheneg
Quick Pick: Celebrities in WWE's Hall of Fame
aduchscher
A-Z Keypad Blitz II
pecheneg
Multiple Oscar Actors
pecheneg
Mystery Phrase Blitz: Oscar 'Best Actors'
pecheneg
F. Scott Fitzgerald Novels
LTH
Pick 3 Villains
ddd62291
Trending Topics
NBA
Kpop
Disney
Crossword
Marvel
Anime
Harry Potter
Song
Country
The Office
Puzzle
WWE
Soccer
Pokémon
NFL
Your Account Isn't Verified!
In order to create a playlist on Sporcle, you need to verify the email address you used during registration. Go to your
Sporcle Settings
to finish the process.
Report this User
Report this user for behavior that violates our
Community Guidelines
.
Details:
Send Report
Go to the Sporcle.com Mobile Site →
Comments